000 00342nam a22001337a 4500
020 _a9787513817387
040 _cNUST
082 _a915.1035
_bSIN
100 _aSinolingua
_986449
245 _aChina close-up:
_bLiving Chinese Culture
260 _aBeijing:
_bSinolingua ,
_c2019.
300 _a159p :
_bPaperback
_c24cm.
942 _2ddc
_cBK
999 _c587331
_d587331